00523nam a22001451 4500001001300000003000400013005001700017008004100034010001700075100002000092245016000112260004500272300004300317999001700360c 98000359 DLC20260227111040.0801210s1898 pauaf 00000 eng  ac 98000359 10aMinter, Luther.04aThe compendium of every-day wants;bor, Practical information for the millions; being four books in one volume ...cWith an introduction by H. A. Davis ...0 aHarrisburg, Pa.,bThe Minter co.c[1898] axx, 5-608, xxiv p.billus., pl.c8⁰. c13277d13277